000 01499cad a22002415a 4500
001 L138089
008 070516s2007 xxk f l f000 0 eng d
035 _a(Sirsi) u138089
041 0 _aeng
110 2 _aUnited Kingdom
_bParliament
_bHouse of Commons
_92119
245 0 0 _aRating (Empty Properties) Bill 2006-07
_h[electronic resource]
260 _aLondon
_bUK Parliament
_c2007
520 _aLegislation to give effect to the Government?s proposals to modernise empty property relief from business rates. Proposals flow from the conclusions of the Barker Review of Land-Use Planning and the Lyons Inquiry into Local Government, which recommended that Government makes better use of fiscal incentives to encourage more efficient use of urban land, in particular by reforming relief from business rates for empty commercial properties. The reforms are intended to enhance the supply of commercial property, reducing rents and improving access for new and existing firms.
590 _aKA NTK
650 2 4 _aLYONS INQUIRY INTO LOCAL GOVERNMENT
650 2 4 _aBARKER REVIEW OF LAND USE PLANNING
650 2 4 _aRATING (EMPTY PROPERTIES) BILL 2006-07
650 2 4 _aRATING (EMPTY PROPERTIES) ACT 2007
651 4 _aEngland and Wales
_y1543-
690 _aPROPERTY-COMMERCIAL PROPERTY-COMMERCIAL PROPERTY TAXATION-BUSINESS RATES
856 4 0 _uhttps://www.publications.parliament.uk/pa/pabills/200607/rating_empty_properties.htm
_zView the item free of charge at www.parliament.uk...
942 _n0
999 _c106995
_d106995